Sombras y luces de un filme (Registro nro. 648097)

Detalles MARC
001 - NÚMERO DE CONTROL
campo de control 1313181
005 - FECHA Y HORA DE LA ÚLTIMA TRANSACCIÓN
campo de control 20260429102216.0
008 - DATOS DE LONGITUD FIJA--INFORMACIÓN GENERAL
campo de control de longitud fija 130129 spa
035 ## - NÚMERO DE CONTROL DEL SISTEMA
Número de control de sistema 1313181
040 ## - FUENTE DE LA CATALOGACIÓN
Centro/agencia transcriptor comduadb
041 ## - CÓDIGO DE LENGUA
Código de lengua del texto/banda sonora o título independiente spa
100 10 - ENTRADA PRINCIPAL--NOMBRE DE PERSONA
Nombre de persona Rodriguez, Pedro Gerardo
Código de función aut
Término indicativo de función/relación Autor/a
9 (RLIN) 572193
245 10 - MENCIÓN DE TÍTULO
Título Sombras y luces de un filme
520 3# - SUMARIO, ETC.
Sumario, etc. En febrero de 2012 fue presentada la película De panzazo, que critica el estado actual de la educación en México y responsabiliza a los maestros, al Sindicato Nacional de Trabajadores de la Educación (SNTE) y, en menor medida, al gobierno. La película alcanzó un gran éxito de taquilla y mereció no pocos comentarios periodísticos, que necesariamente eran producto de una primera impresión. Cuatro meses después, cuando los ecos del debate todavía se escuchaban, fue presentada la respuesta del SNTE, denominada El Afán Educativo, en la que presentan los problemas desde su perspectiva. En este artículo se analizan ambos documentales, sus contenidos y supuestos básicos, así como la coyuntura en la que surgen.
650 ## - PUNTO DE ACCESO ADICIONAL DE MATERIA--TÉRMINO DE MATERIA
Término de materia o nombre geográfico como elemento de entrada Documental
9 (RLIN) 33448
650 #7 - PUNTO DE ACCESO ADICIONAL DE MATERIA--TÉRMINO DE MATERIA
Término de materia o nombre geográfico como elemento de entrada Sindicatos
Fuente del encabezamiento o término lemb
9 (RLIN) 2275
650 ## - PUNTO DE ACCESO ADICIONAL DE MATERIA--TÉRMINO DE MATERIA
Término de materia o nombre geográfico como elemento de entrada Evaluacion de maestros
9 (RLIN) 72078
650 #7 - PUNTO DE ACCESO ADICIONAL DE MATERIA--TÉRMINO DE MATERIA
Término de materia o nombre geográfico como elemento de entrada Política educativa
Fuente del encabezamiento o término lemb
9 (RLIN) 856390
773 0# - ENLACE AL DOCUMENTO FUENTE/ENTRADA DE REGISTRO ANFITRIÓN
Título Revista Latinoamericana de Estudios Educativos (México)
Parte(s) relacionada(s) Vol. 42, No. 02, Abr.-Jun. 2012, p. 7-47
Número de control del registro 951224
Número Internacional Normalizado para Publicaciones Seriadas 0185-1284
Número bibliográfico anfitrión 365023
942 ## - ELEMENTOS DE ENTRADA AGREGADA (KOHA)
Tipo de ítem Koha Artículo de Revista

No hay ítems disponibles.